| 000 | 00640nam a2200205 i 4500 | ||
|---|---|---|---|
| 001 | 142433 | ||
| 003 | ES-MaACL | ||
| 005 | 20230906200524.0 | ||
| 007 | t| | ||
| 008 | 071005s1976 sp ||||1| spa d | ||
| 080 | _a394.25(468.18 C.) | ||
| 080 | _a946.818 C."19" | ||
| 100 | 1 |
_aVila Valencia, Adolfo. _9114742 |
|
| 245 | 1 | 0 |
_aTemas gaditanos / _cpor Adolfo Vila Valencia. |
| 260 |
_aCádiz : _b[El autor], _c1976. |
||
| 300 |
_a207 p. ; _c25 cm. |
||
| 505 | 8 | _aContiene: "Cádiz y Alfonso XIII"... y "Nuevo historial de nuestros famosos carnavales" | |
| 650 | 1 | 4 |
_aCarnavales- _zCádiz. _910784 |
| 852 |
_aES-MaACL _jA-5890 _bR.94619 |
||
| 999 |
_c142433 _d142433 |
||